[Event "IECG WC.1999.F.00001 email"]
[Site "IECG email"]
[Date "1999.??.??"]
[Round "?"]
[White "Angus, George"]
[Black "Duriez, Jean Luc"]
[Result "0-1"]
[WhiteElo "1905"]
[BlackElo "2250"]
[PlyCount "62"]
[EventDate "1999.08.05"]
[EventType "tourn (corr)"]
[EventRounds "12"]
[SourceTitle "Corr 2008"]
[Source "ChessBase"]
[SourceDate "2008.06.24"]
[SourceVersion "1"]
[SourceVersionDate "2008.06.24"]
[SourceQuality "1"]

1. Nf3 Nf6 2. b3 d5 3. Bb2 c5 4. g3 Nc6 5. Bg2 e6 6. 0-0 Be7 7. d3 0-0 8. c4 d4 9. Na3 e5 10. e3 Bg4 11. Qd2 e4 12. dxe4 Nxe4 13. Qd3 f5 14. exd4 cxd4 15. Nb5 Bxf3 16. Bxf3 Ne5 17. Qd1 Bf6 18. Bg2 d3 19. Rc1 Qd7 20. Ba1 Nc6 21. Nc3 Bxc3 22. Bxc3 Rad8 23. Bb2 d2 24. Rb1 Qd3 25. Qf3 Nb4 26. Ba3 Nc3 27. Qxd3 Rxd3 28. Bxb4 Nxb1 29. Bd5+ Rxd5 30. cxd5 Rc8 31. d6 Rc1 0-1

[Event "IECG WC.1999.F.00001 email"]
[Site "IECG email"]
[Date "1999.??.??"]
[Round "?"]
[White "Daurelle, Herve"]
[Black "Duriez, Jean Luc"]
[Result "1/2-1/2"]
[WhiteElo "2285"]
[BlackElo "2250"]
[PlyCount "37"]
[EventDate "1999.08.05"]
[EventType "tourn (corr)"]
[EventRounds "12"]
[SourceTitle "Corr 2008"]
[Source "ChessBase"]
[SourceDate "2008.06.24"]
[SourceVersion "1"]
[SourceVersionDate "2008.06.24"]
[SourceQuality "1"]

1. e4 e6 2. d4 d5 3. Nd2 c5 4. exd5 exd5 5. Bb5+ Nc6 6. Ngf3 Bd6 7. dxc5 Bxc5 8. 0-0 Nge7 9. Nb3 Bd6 10. Re1 0-0 11. Bg5 Bg4 12. Be2 h6 13. Bxe7 Bxe7 14. Nfd4 Bxe2 15. Qxe2 Bf6 16. c3 Nxd4 17. Nxd4 Bxd4 18. cxd4 Qb6 19. Qd2 1/2-1/2